1788 1205 1150 1724 1927 1586 1410 1898 1666 1185 1161 1962 1122 1260 1335 1874 1777 1296 1751 1861 1515 1023 1594 1616 1597 1932 1516 1874 1881 1865 1054 1339 1817 1758 1655 1244 1064 1095 1189 1919 1512 1545 1742 1667 1552 1839 1268 1438 1814 1652 1815 1639 1164 1538 1445 1140 1306 1987 1104 1671 1183 1263 1688 1537 1898 1970 1085 1592 1342 1605 1587 1745 1431 1942 1383 1193 1122 1019 1157 1310 1746 1768 1888 1082 1490 1016 1433 1970 1492 1400 1524 1443 1049 1455 1019 1262 1045 1597 1389 BCNSPRNW ULIB Ver.6.0+V

เปลี่ยนเป็นภาษาไทย

Change to English
 แสดงรายละเอียดบรรณานุกรม
  กลับหน้าหลัก

Brief Record : Get Marc (ISO 2709) : E-mail record : QR code < ปิดหน้าต่าง
LEADER : 00000nam 2200000uu 4500
001    13399111833
003     ULIB
008    110322s2550||||th 000 0 tha d
020    9789747306174
050  4 PE1271^bก975ก 2550
100 0  ไกรคุง อนัคฆกุล
245 00 กริยา 3 ช่อง และการใช้Tenses (รูปแบบใหม่)/^cไกรคุง อนัคฆกุล
260    กรุงเทพฯ:^bปัญญาชน,^c2550
300    171 หน้า :^bภาพประกอบ
650  7 ภาษาอังกฤษ^xกริยา
945    ^p75^l0^i027270
945    ^p75^l0^i027271
995    ทศพร
999 ^a ใช้งานได้ทุกระบบ
รายการนี้ยังไม่มีแท็ก
คุณยังไม่ได้ล็อกอิน คุณสามารถมีกิจกรรมร่วมกับเว็บไซต์ได้ แต่ต้องล็อกอินก่อน ::
  ล็อกอิน

รายการสื่อสารสนเทศ

ลำดับที่ ประเภท เลขเรียก/บาร์โค้ด สถานที่ สถานะ
- ไม่พบข้อมูล -

รายการใกล้เคียง
    ผู้แต่ง [ไกรคุง อนัคฆกุล]

BibComment


ยังไม่เคยถูกคอมเมนท์

คอมเมนท์ทรัพยากรรายการนี้
  คอมเมนท์: กริยา 3 ช่อง และก..


 Copyright 2026. Bcnsprnw @Library